00657nam a22001817a 4500999001900000005001700019010001300036020002600049037001200075100002200087245005600109250000900165260002500174270008900199300002600288942002200314952013900336 c181898d18189820221017143354.0 aB-745986 a9789353945305c799.00 bPearson aSinha, Nitish K.  aQuantitative Aptitude for CAT /cby Nitish K. Sinha a5th  aNoidabPearsonc2020 a15th Floor, Tower-B, World Trade Tower, Plot No.1, Block-C, Sector-16bNoidae201301 avp.:bill.c25cm(pbk) 2ddccENmSINh510 001040708NFICaMPbMPd2022-10-17e6.10.22/Giftg799.00l0o510 SINpB-745986r2022-10-17 00:00:00t1v799.00w2022-10-17yENzGift